[Event "HUN-chT2 Toth 1112"]
[Site "Hungary"]
[Date "2012.03.11"]
[Round "7.3"]
[White "Berecz, Arpad"]
[Black "Czegledi, Zsolt"]
[Result "1/2-1/2"]
[WhiteElo "2042"]
[BlackElo "2157"]
[PlyCount "43"]
[EventDate "2011.09.25"]
[EventType "team-tourn"]
[EventRounds "11"]
[EventCountry "HUN"]
[SourceTitle "EXT 2013"]
[Source "ChessBase"]
[SourceDate "2012.11.22"]
[SourceVersion "1"]
[SourceVersionDate "2012.11.22"]
[SourceQuality "1"]
[WhiteTeam "Maroczy II"]
[BlackTeam "Toth Laszlo"]
[WhiteTeamCountry "HUN"]
[BlackTeamCountry "HUN"]

1. e4 e5 2. f4 d5 3. exd5 e4 4. d3 exd3 5. Qxd3 Nf6 6. Nc3 Bc5 7. Qe2+ Be7 8. Be3 0-0 9. 0-0-0 Bb4 10. Bd4 Bxc3 11. Bxc3 Nbd7 12. Nf3 Re8 13. Qd3 Nc5 14. Qd4 Nce4 15. Be1 Qd6 16. Ne5 Bg4 17. Rd3 Rad8 18. h3 Bc8 19. g4 Nc5 20. Rd1 Qxd5 21. Qxd5 Nxd5 22. Bc4 1/2-1/2

[Event "HUN-chT2 Toth 1011"]
[Site "Hungary"]
[Date "2011.05.01"]
[Round "10.7"]
[White "Babinszki, Janos"]
[Black "Berecz, Arpad"]
[Result "1/2-1/2"]
[WhiteElo "1844"]
[BlackElo "2034"]
[PlyCount "70"]
[EventDate "2010.09.12"]
[EventType "team-tourn"]
[EventRounds "11"]
[EventCountry "HUN"]
[SourceTitle "EXT 2012"]
[Source "ChessBase"]
[SourceDate "2011.11.24"]
[SourceVersion "1"]
[SourceVersionDate "2011.11.24"]
[SourceQuality "1"]
[WhiteTeam "Mezobereny"]
[BlackTeam "Maroczy II"]
[WhiteTeamCountry "HUN"]
[BlackTeamCountry "HUN"]

1. d4 d5 2. c4 e6 3. Nc3 c5 4. cxd5 exd5 5. e3 Nc6 6. Nf3 Nf6 7. Bb5 a6 8. Be2 Be7 9. 0-0 0-0 10. b3 Bf5 11. Bd3 Bg4 12. Be2 Rc8 13. Bb2 Re8 14. Rc1 cxd4 15. Nxd4 Bxe2 16. Ncxe2 Qd7 17. Qd3 Ne4 18. Nxc6 Rxc6 19. Rxc6 Qxc6 20. Rc1 Qd6 21. Nf4 Bf6 22. Bxf6 Nxf6 23. Rd1 Rd8 24. g3 Qe5 25. Qd4 Qxd4 26. Rxd4 Kf8 27. f3 Ke7 28. Rb4 Rd7 29. Kf2 Kd6 30. Nd3 b5 31. Rd4 Rc7 32. Ne1 Ke6 33. Ke2 Nd7 34. Rd2 f5 35. Nd3 Nf6 1/2-1/2

[Event "OP-2010-0-01146"]
[Site "LSS email"]
[Date "2010.05.01"]
[Round "?"]
[White "Berecz, Arpad"]
[Black "Lovakovic, Franjo"]
[Result "1/2-1/2"]
[WhiteElo "2398"]
[BlackElo "2214"]
[PlyCount "88"]
[EventDate "2010.04.22"]
[EventType "tourn (corr)"]
[EventRounds "4"]
[EventCountry "GER"]
[SourceTitle "Telechess CBM 147"]
[Source "ChessBase"]
[SourceDate "2012.03.16"]
[SourceVersion "1"]
[SourceVersionDate "2012.03.16"]
[SourceQuality "1"]

1. e4 c5 2. Nf3 d6 3. d4 cxd4 4. Nxd4 Nf6 5. Nc3 g6 6. f4 Nc6 7. Nxc6 bxc6 8. e5 Nd7 9. exd6 exd6 10. Be3 Be7 11. Qd2 0-0 12. 0-0-0 d5 13. Be2 Qa5 14. h4 Rb8 15. h5 Nc5 16. Bd4 Qb4 17. b3 Bf5 18. Kb2 Qa3+ 19. Ka1 Bf6 20. Nb1 Bxd4+ 21. Qxd4 Qb4 22. Kb2 Qxd4+ 23. Rxd4 Be4 24. Bf1 Rfe8 25. Nd2 f5 26. Rh4 a5 27. hxg6 hxg6 28. g4 Kg7 29. gxf5 gxf5 30. Rh3 Ne6 31. Ra4 Ra8 32. Rh4 Reb8 33. Kc1 Rd8 34. Kb2 Kg6 35. Kc1 c5 36. c3 Kg7 37. Bh3 Rh8 38. Rxh8 Rxh8 39. Nxe4 Rxh3 40. Nd6 Rxc3+ 41. Kd2 Rh3 42. Nxf5+ Kf6 43. Nd6 Rh2+ 44. Ke3 Rh3+ 1/2-1/2

[Event "HUN-chT2 Toth 0910"]
[Site "Hungary"]
[Date "2010.04.11"]
[Round "9.2"]
[White "Berecz, Arpad"]
[Black "Rozsnyai, Tamas"]
[Result "1/2-1/2"]
[WhiteElo "2085"]
[BlackElo "2112"]
[PlyCount "67"]
[EventDate "2009.11.08"]
[EventType "team-tourn"]
[EventRounds "11"]
[EventCountry "HUN"]
[SourceTitle "EXT 2011"]
[Source "ChessBase"]
[SourceDate "2010.11.26"]
[SourceVersion "1"]
[SourceVersionDate "2010.11.26"]
[SourceQuality "1"]
[WhiteTeam "Maroczy II"]
[BlackTeam "Mako II"]
[WhiteTeamCountry "HUN"]
[BlackTeamCountry "HUN"]

1. e4 d5 2. exd5 Qxd5 3. Nc3 Qd6 4. Nf3 Nf6 5. d4 Bg4 6. h3 Bh5 7. g4 Bg6 8. Ne5 Nbd7 9. Nxg6 hxg6 10. Bg2 0-0-0 11. Qf3 c6 12. Be3 e5 13. dxe5 Qxe5 14. 0-0-0 Bb4 15. Bd4 Qg5+ 16. Kb1 Nb6 17. a3 Bd6 18. Rd3 Nc4 19. Re1 Nd2+ 20. Rxd2 Qxd2 21. Rd1 Qf4 22. Bxa7 Qxf3 23. Bxf3 Rxh3 24. Be2 Bxa3 25. g5 Rxd1+ 26. Nxd1 Nd7 27. bxa3 Rxa3 28. Bd4 f6 29. Bd3 Ra4 30. Bc3 Rg4 31. gxf6 gxf6 32. Kc1 f5 33. Be2 Rh4 34. Bd3 1/2-1/2

[Event "HUN-chT2 Toth 0910"]
[Site "Hungary"]
[Date "2009.12.20"]
[Round "4.4"]
[White "Berecz, Arpad"]
[Black "Hajagos, Janos"]
[Result "1/2-1/2"]
[WhiteElo "2085"]
[BlackElo "2018"]
[PlyCount "93"]
[EventDate "2009.11.08"]
[EventType "team-tourn"]
[EventRounds "11"]
[EventCountry "HUN"]
[SourceTitle "EXT 2011"]
[Source "ChessBase"]
[SourceDate "2010.11.26"]
[SourceVersion "1"]
[SourceVersionDate "2010.11.26"]
[SourceQuality "1"]
[WhiteTeam "Maroczy II"]
[BlackTeam "Takisz"]
[WhiteTeamCountry "HUN"]
[BlackTeamCountry "HUN"]

1. e4 c5 2. Nf3 e6 3. d4 cxd4 4. Nxd4 a6 5. Bd3 Nf6 6. Qe2 d6 7. c4 Nbd7 8. 0-0 Be7 9. Nc3 Qc7 10. f4 b6 11. Kh1 Bb7 12. Bd2 h5 13. Rac1 Kf8 14. f5 e5 15. Nd5 Qd8 16. Nf3 h4 17. Nxe7 Qxe7 18. Bg5 h3 19. g4 Nc5 20. Bb1 Rc8 21. b4 Ncxe4 22. Bxe4 Bxe4 23. Bxf6 Bxf3+ 24. Qxf3 gxf6 25. Qe4 Qc7 26. Rfd1 Qc6 27. Qxc6 Rxc6 28. b5 axb5 29. cxb5 Rxc1 30. Rxc1 Rh4 31. Rc6 Rxg4 32. Rxd6 Rb4 33. Kg1 Rxb5 34. Rxf6 Rb2 35. Rh6 Rg2+ 36. Kh1 Rxa2 37. Rxh3 Ke7 38. Rh6 Rf2 39. Rxb6 Rxf5 40. Kg2 e4 41. Rb4 Re5 42. Kf2 e3+ 43. Ke2 Kf6 44. Rf4+ Kg6 45. Rf3 Rh5 46. h3 Re5 47. Rxe3 1/2-1/2

[Event "HUN-chT2 Toth 0809"]
[Site "Hungary"]
[Date "2009.04.19"]
[Round "11.4"]
[White "Berecz, Arpad"]
[Black "Papp, Jozsef"]
[Result "1-0"]
[WhiteElo "2108"]
[BlackElo "2054"]
[PlyCount "61"]
[EventDate "2008.10.26"]
[EventType "team-tourn"]
[EventRounds "11"]
[EventCountry "HUN"]
[SourceTitle "EXT 2010"]
[Source "ChessBase"]
[SourceDate "2010.11.25"]
[SourceVersion "1"]
[SourceVersionDate "2010.11.25"]
[SourceQuality "1"]
[WhiteTeam "Maroczy II"]
[BlackTeam "Szentes"]
[WhiteTeamCountry "HUN"]
[BlackTeamCountry "HUN"]

1. e4 c5 2. Nf3 Nc6 3. d4 cxd4 4. Nxd4 g6 5. c4 Bg7 6. Be3 Nf6 7. Nc3 0-0 8. Be2 d6 9. 0-0 Bd7 10. f3 a6 11. Qd2 Rc8 12. Kh1 Ne5 13. b3 Nc6 14. Rac1 Re8 15. Rfd1 Nxd4 16. Bxd4 Bc6 17. b4 Bd7 18. Qe3 e5 19. Bb6 Qe7 20. c5 d5 21. exd5 Qf8 22. Qf2 Bh6 23. Rb1 Bf5 24. Rb2 Nd7 25. Na4 Nxb6 26. Nxb6 Rcd8 27. d6 Be6 28. a4 f5 29. b5 a5 30. d7 Re7 31. c6 1-0

[Event "HUN-chT2 Maroczy 0708"]
[Site "Hungary"]
[Date "2007.10.14"]
[Round "1"]
[White "Berecz, Arpad"]
[Black "Szabo, Judit"]
[Result "1-0"]
[WhiteElo "2097"]
[BlackElo "1537"]
[PlyCount "63"]
[EventDate "2007.10.14"]
[EventType "team"]
[EventRounds "11"]
[EventCountry "HUN"]
[SourceTitle "EXT 2009"]
[Source "ChessBase"]
[SourceDate "2008.11.26"]
[SourceVersion "1"]
[SourceVersionDate "2008.11.26"]
[SourceQuality "1"]
[WhiteTeam "Maroczy"]
[BlackTeam "Hajduboszormeny"]
[WhiteTeamCountry "HUN"]
[BlackTeamCountry "HUN"]

1. e4 c5 2. Nf3 e6 3. d4 cxd4 4. Nxd4 a6 5. Bd3 b5 6. 0-0 Bb7 7. Be3 d6 8. f4 Nd7 9. Nd2 Ngf6 10. Qf3 Qc7 11. a3 Be7 12. Rac1 Rc8 13. g4 h5 14. g5 Ng4 15. g6 Nc5 16. gxf7+ Kxf7 17. f5 Bf6 18. fxe6+ Nxe6 19. Nxe6 Kxe6 20. c4 Nxe3 21. Qxe3 Bxb2 22. Rc2 Bxa3 23. Qh3+ Ke7 24. cxb5 Qb6+ 25. Kh1 axb5 26. Qh4+ Ke6 27. Qh3+ Ke7 28. Qf5 Bc5 29. Qg5+ Ke6 30. Qxg7 Rcg8 31. Qf7+ Ke5 32. Nf3# 1-0

[Event "HUN-chT2 Maroczy 0607"]
[Site "Hungary"]
[Date "2007.02.18"]
[Round "5"]
[White "Berecz, Arpad"]
[Black "Timko, Melinda"]
[Result "1-0"]
[WhiteElo "2139"]
[BlackElo "2085"]
[PlyCount "79"]
[EventDate "2006.11.12"]
[EventType "team"]
[EventRounds "11"]
[EventCountry "HUN"]
[SourceTitle "EXT 2008"]
[Source "ChessBase"]
[SourceDate "2007.11.25"]
[SourceVersion "1"]
[SourceVersionDate "2007.11.25"]
[SourceQuality "1"]
[WhiteTeam "Maroczy"]
[BlackTeam "Husi"]
[WhiteTeamCountry "HUN"]
[BlackTeamCountry "HUN"]

1. e4 c5 2. Nf3 e6 3. d4 cxd4 4. Nxd4 Qb6 5. Nb3 Nc6 6. Nc3 a6 7. Bd3 Qc7 8. 0-0 Nf6 9. f4 d6 10. Qe2 b5 11. a3 Be7 12. Bd2 0-0 13. Rae1 Nd7 14. Qh5 b4 15. Nd1 a5 16. a4 Ba6 17. Re3 Bxd3 18. cxd3 g6 19. Qh6 f5 20. Rg3 Rf7 21. Ne3 Qa7 22. Kh1 Bf8 23. Qh3 Bg7 24. exf5 exf5 25. Nc4 Qc7 26. Rc1 Qb8 27. Ne3 Qb7 28. d4 Nb6 29. Nc4 Nxc4 30. Rxc4 Qa6 31. Rc1 Nxd4 32. Nxd4 Bxd4 33. b3 Re8 34. Rd3 Rfe7 35. Qf3 Bc3 36. Qd5+ Kf8 37. h3 Bxd2 38. Rxd2 Re1+ 39. Rxe1 Rxe1+ 40. Kh2 1-0

[Event "HUN-chT2 Toth 0506"]
[Site "Hungary"]
[Date "2006.02.12"]
[Round "7"]
[White "Katona, Jozsef"]
[Black "Berecz, Arpad"]
[Result "1-0"]
[WhiteElo "2065"]
[BlackElo "2127"]
[PlyCount "107"]
[EventDate "2005.10.16"]
[EventType "team"]
[EventRounds "11"]
[EventCountry "HUN"]
[SourceTitle "EXT 2009"]
[Source "ChessBase"]
[SourceDate "2008.11.26"]
[SourceVersion "1"]
[SourceVersionDate "2008.11.26"]
[SourceQuality "1"]
[WhiteTeam "Oroshaza"]
[BlackTeam "Maroczy"]
[WhiteTeamCountry "HUN"]
[BlackTeamCountry "HUN"]

1. e4 c5 2. Nf3 d6 3. d4 cxd4 4. Nxd4 Nf6 5. Nc3 a6 6. Bc4 e6 7. Bb3 Be7 8. 0-0 Qc7 9. f4 Nc6 10. Nxc6 bxc6 11. Kh1 0-0 12. Qf3 d5 13. exd5 exd5 14. h3 Bb7 15. Rd1 Rad8 16. Ne2 c5 17. a3 Rfe8 18. Ng3 d4 19. Qf1 Qc6 20. Bc4 h5 21. Kh2 Bd6 22. Be2 g6 23. Bf3 Nd5 24. c4 h4 25. Ne2 Nxf4 26. Bxf4 Bxf4+ 27. Nxf4 Qc7 28. Bxb7 Qxb7 29. Nd5 Re6 30. Rd2 Qb3 31. Qd3 Qb8+ 32. Kg1 Rde8 33. Rf1 Qe5 34. Qf3 Kg7 35. Qxf7+ Kh6 36. Qf4+ Qxf4 37. Rxf4 g5 38. Rf6+ Rxf6 39. Nxf6 Re1+ 40. Kf2 Rc1 41. b3 Rc3 42. Rb2 Kg6 43. Ne4 Rc1 44. Nxc5 Kf5 45. Rd2 Ra1 46. a4 Ke5 47. Nxa6 Rb1 48. b4 Rc1 49. c5 Ke4 50. b5 d3 51. c6 Rc2 52. Ke1 Ke3 53. Rxd3+ Kxd3 54. Nb4+ 1-0